000 00633nam a2200241Ia 4500
005 20260430150721.0
008 008 250103s9999 xx 000 0 eng d
037 _aTheses
040 _aCRL
040 _beng
040 _ceng
041 _2eng
041 _aeng
084 _qCRL
100 _aMalik PIA Maria Au.; Jain Shalin Gu.
_91238285
245 0 _aBecoming PIR: A Social History of Power Among the Early Deccani Shaykhs
260 _c2024
300 _a175p.
650 _aHistory
700 _aUniversity of Delhi. Faculty of Social Sciences. Deptt.of History
942 _cTH
999 _c1850456
_d1850456